| 000 | 00573nam a22001937a 4500 | ||
|---|---|---|---|
| 999 |
_c179502 _d179502 |
||
| 005 | 20210616120228.0 | ||
| 010 | _aB-740234 | ||
| 020 |
_a9788126052011 _c50.00 |
||
| 035 | _aB-740234 | ||
| 037 | _bGift | ||
| 082 | _a921 | ||
| 100 | _aDhar, Somnath | ||
| 245 |
_aKalhana / _cby Somnath Dhar |
||
| 260 |
_aNew Delhi _bSahitya Akademi _c2017 |
||
| 270 |
_aRabindra Bhawan, 35, Ferozshah Road _bNew Delhi _e110001 |
||
| 300 |
_a85p. _c22cm(pbk) |
||
| 942 |
_2ddc _cEN _h921 _mDHA |
||